Manufacturing engineer's reference book

Bibliographic Details
Main Author: Koshal, Dal (Author)
Format: Book
Published: Oxford : Butterworth-Heinemann , c1993
Subjects:

MARC

LEADER 00000cam a2200000 7i4500
001 0000009148
005 20021119093000.0
008 021119n
020 |a 0750611545 
090 0 0 |a TS170   |b .M3 1993 
245 0 0 |a Manufacturing engineer's reference book   |c edited by Dal Koshal 
260 2 |a Oxford :   |b Butterworth-Heinemann ,   |c c1993 
300 |a various pages ; ;   |c 26 cm. 
501 |a Includes index 
650 0 |a Production engineering   |x Handbooks, manuals, etc. 
700 0 |a Koshal, Dal ,   |e author 
999 |a 1000043664   |b Book   |c Close Access   |e Gong Badak Campus 
999 |a 1000045656   |b Book   |c Close Access   |e Gong Badak Campus